00479nam a2200181 a 450000100060000000300090000600800410001502000150005604000280007108200130009910000210011224500450013325000060017826000360018430000150022065000450023565000170028010176CO-ViMGA141112s2004 ck r 000 u spa d a9684220863 aCO-ViMGAbspacCO-ViMGA04a657 D19b1 aDavidson, Sidney10aBiblioteca McGraw - Hill de contabilidad a3 amexico, cMcGraw - Hill, c1992 a11 - 45 p.14aBIBLIOTECA McGraw - Hill DE CONTABILIDAD14aCONTABILIDAD